Szczegóły MARC21

Lectures on elliptic and parabolic equations in Sobolev spaces /

003 -Nazwa inst., której nr kontr. jest w polu 001 [,]
    • @
    • Nazwa instytucji, której n kontrolny jest w polu 001
    • NUKAT
005 -DATA I CZAS OSTATNIEJ MODYFIKACJI [,]
    • @
    • pole kontrolne
    • 20241231100621.0
020 -Międzynarod. znormalizowany nr książki - ISBN [ , ]
    • a
    • Numer ISBN
    • 9780821846841 Find
    • q
    • Dopowiedzenie
    • opr.
040 -Instytucja sporządzająca opis [ , ]
    • a
    • Instytucja, która sporządziła opis (NP)
    • WR U/es
    • b
    • Język katalogowania
    • pol
    • e
    • Zasady katalogowania
    • rda
    • c
    • Instytucja, która sporządziła rekord (NP)
    • WR U/es
    • d
    • Instytucja, która zmodyfikowała rekord (P)
    • WR U/dl
    • d
    • Instytucja, która zmodyfikowała rekord (P)
    • SZCZ U/ABs
942 -Rodzaj dokumentu [ , ]
    • c
    • Rodzaj dokumentu
    • Książka
100 -Hasło główne - nazwa osobowa [1, ]
    • a
    • Nazwa osobowa (NP)
    • Krylov, Nikolaj Vladimirovič.
    • e
    • Rodzaj współpracy
    • Autor
    • 9
    • KHW
    • 52451
245 -Strefa tytułu i oznaczenia odpowiedzialności [1,0]
    • a
    • Tytuł
    • Lectures on elliptic and parabolic equations in Sobolev spaces / Find
    • c
    • Pozostałe elementy strefy tytułu i oznaczenia odpowiedzialności (NP)
    • N. V. Krylov.
260 -Strefa adresu wydawniczego [ , ]
    • a
    • Miejsce wydania (P)
    • Providence, RI :
    • b
    • Nazwa wydawcy (P)
    • American Mathematical Society,
    • c
    • Data wydania (P)
    • cop. 2008.
300 -Strefa opisu fizycznego [ , ]
    • a
    • Określenie formy książki i/lub objętość (NP)
    • XVIII, 357 stron ;
    • c
    • Format (NP)
    • 27 cm.
336 -Typ zawartości [ , ]
    • a
    • Termin opisujący typ zawartości
    • Tekst
    • b
    • Kod określający zawartość
    • txt
    • 2
    • Źródło (terminu i kodu)
    • rdacontent
337 -Typ mediów [ , ]
    • a
    • Tryb odtwarzania
    • Bez urządzenia pośredniczącego
    • b
    • Kod typu mediów
    • n
    • 2
    • Źródło (terminu i kodu)
    • rdamedia
338 -Typ/rodzaj nośnika [ , ]
    • a
    • Hasło opisujące typ nośnika
    • Wolumin
    • b
    • Kod typu nośnika
    • nc
    • 2
    • Źródło (terminu i kodu)
    • rdacarrier
490 -Strefa serii i książki wielotomowej - forma nie do wyszukiwania [1, ]
    • a
    • Tytuł (P)
    • Graduate Studies in Mathematics, Find
    • x
    • ISSN (NP)
    • 1065-7339 ;
    • v
    • Numeracja (P)
    • vol. 96
830 -Hasło dodatkowe serii i opisu książki wielotomowej - tytuł ujednolicony/tytuł [ ,0]
    • a
    • Tytuł ujednolicony/tytuł (NP)
    • Graduate Studies in Mathematics
    • x
    • ISSN
    • 1065-7339
    • v
    • Oznaczenie tomu (NP)
    • vol. 96
    • 9
    • KHW
    • 8919
504 -Uwaga dot. bibliogr. załącznikowej [ , ]
    • a
    • Uwaga dot. bibliografii załącznikowej
    • Bibliografia na stronach 353-354. Indeks.
080 -Uniwersalna Klasyfikacja Dziesiętna [ , ]
    • 2
    • Identyfikator wydania tablic
    • UDC-P058
    • 9
    • UKD
    • 4062
    • a
    • Symbol klasyfikacji
    • 517.98
    • b
    • Dopowiedzenie
    • Analiza funkcjonalna. Teoria operatorów. Przestrzenie Banacha. Przestrzenie Hilberta. Transformacje Fouriera. Równania operatorowe. Teoria spektralna operatorów liniowych. Analiza harmoniczna.
    • 4
    • UKD2
    • 7644
    • x
    • Poddział wspólny
    • =111
    • c
    • Dopowiedzenie poddz. wspólnego
    • =Język angielski.
080 -Uniwersalna Klasyfikacja Dziesiętna [ , ]
    • 2
    • Identyfikator wydania tablic
    • UDC-P058
    • 9
    • UKD
    • 4060
    • a
    • Symbol klasyfikacji
    • 517.95
    • b
    • Dopowiedzenie
    • Równania różniczkowe cząstkowe. Teoria potencjału.
    • 4
    • UKD2
    • 7644
    • x
    • Poddział wspólny
    • =111
    • c
    • Dopowiedzenie poddz. wspólnego
    • =Język angielski.
650 -Hasło przedmiotowe [ ,7]
    • a
    • Hasło przedmiotowe
    • Równania różniczkowe eliptyczne.
    • 2
    • Źródło terminu
    • kaba
    • 9
    • KHW
    • 129295
650 -Hasło przedmiotowe [ ,7]
    • a
    • Hasło przedmiotowe
    • Równania różniczkowe paraboliczne.
    • 2
    • Źródło terminu
    • kaba
    • 9
    • KHW
    • 129305
650 -Hasło przedmiotowe [ ,7]
    • a
    • Hasło przedmiotowe
    • Przestrzenie Soboleva.
    • 2
    • Źródło terminu
    • kaba
    • 9
    • KHW
    • 126623
980 -Symbol UKD [ , ]
    • a
    • UKD
    • 517.98:517.95]=111
710 -Hasło dodatkowe - nazwa ciała zbiorowego [2, ]
    • a
    • Nazwa ciała zbiorowego lub nazwa geograficzna jako pierwszy element (NP)
    • American Mathematical Society.
    • e
    • Rodzaj współpracy
    • Wydawca
    • 4
    • Kod relacji
    • pbl
    • 9
    • KHW
    • 11077
920 -ISBN [ , ]
    • a
    • ISBN
    • 978-0-8218-4684-1 Find
    • q
    • Dopowiedzenie
    • opr.
Lokalizacja Data inwentaryzacji Status udost. Numer inwentarzowy
BG2013-02-01-3N.20752
BG2013-02-011N.20753